00458nam a22001337a 4500008004100000082001700041100000800058245009500066260003000161300000900191942001200200999001500212952009700227230612b xxu||||| |||| 00| 0 eng d a354.676bGOK cGOK aStatistical Abstractb1998cCentral Bureau of StatisticshMinistry of Finance and Planning aNairobi, KenyabGOKc1998 a334p 2ddccBK c1087d1087 00102ddc4070a001b001d2023-06-12l0o354.676 GOKp100001553r2023-06-12w2023-06-12yBK